<?xml version="1.0" encoding="UTF-8"?>
<collection xmlns="http://www.loc.gov/MARC21/slim">
 <record>
  <leader>01408nam a2200253 a 4500</leader>
  <controlfield tag="001">TVCDKTCT4849</controlfield>
  <controlfield tag="003">Thư viện trường Cao đẳng Kỹ thuật Cao Thắng</controlfield>
  <controlfield tag="005">20060420000000</controlfield>
  <controlfield tag="008">060420</controlfield>
  <datafield tag="980" ind1="\" ind2="\">
   <subfield code="a">Thư viện Trường CĐ Kỹ Thuật Cao Thắng</subfield>
  </datafield>
  <datafield tag="024" ind1=" " ind2=" ">
   <subfield code="a">RG_1 #1 eb0 i1</subfield>
  </datafield>
  <datafield tag="041" ind1="0" ind2="#">
   <subfield code="a">vie</subfield>
  </datafield>
  <datafield tag="082" ind1="#" ind2="#">
   <subfield code="a">389.641 / </subfield>
   <subfield code="b">T309C-p</subfield>
  </datafield>
  <datafield tag="100" ind1="1" ind2="#">
   <subfield code="a">Ban kỹ thuật tiêu chuẩn TCVN/TC/F5 Vệ sinh thực phẩm</subfield>
  </datafield>
  <datafield tag="245" ind1="0" ind2="0">
   <subfield code="a">Tiêu chuẩn Việt Nam: Phụ gia thực phẩm - phẩm màu: TCVN 6454 : 1998; TCVN 6455 : 1998; TCVN 6456 : 1998; TCVN 6457 : 1998; TCVN 6458 : 1998; TCVN 6459 : 1998; TCVN 6460 : 1998; TCVN 6461 : 1998; TCVN 6462 : 1998 /</subfield>
   <subfield code="c">Ban kỹ thuật tiêu chuẩn TCVN/TC/F5 Vệ sinh thực phẩm</subfield>
  </datafield>
  <datafield tag="246" ind1="0" ind2="1">
   <subfield code="a">Food additive - Food colours</subfield>
  </datafield>
  <datafield tag="250" ind1="#" ind2="#">
   <subfield code="a">In lần thứ 1</subfield>
  </datafield>
  <datafield tag="260" ind1="#" ind2="#">
   <subfield code="a">H. :</subfield>
   <subfield code="b">[KNXB] ,</subfield>
   <subfield code="c">1998</subfield>
  </datafield>
  <datafield tag="300" ind1="#" ind2="#">
   <subfield code="a">26tr. ;</subfield>
   <subfield code="c">27cm</subfield>
  </datafield>
  <datafield tag="520" ind1="#" ind2="#">
   <subfield code="a">TCVN 6454 : 1998; TCVN 6455 : 1998; TCVN 6456 : 1998; TCVN 6457 : 1998; TCVN 6458 : 1998; TCVN 6459 : 1998; TCVN 6460 : 1998; TCVN 6461 : 1998; TCVN 6462 : 1998: hoàn toàn tương đương với JECFA số 31/1-1984</subfield>
  </datafield>
  <datafield tag="520" ind1="#" ind2="#">
   <subfield code="a">Trong đó TCVN 6460 : 1998 hoàn toàn tương đương với JECFA số 52. Add. 3 - 1996</subfield>
  </datafield>
  <datafield tag="650" ind1="#" ind2="4">
   <subfield code="a">Thực phẩm--Phụ gia</subfield>
  </datafield>
  <datafield tag="650" ind1="#" ind2="4">
   <subfield code="a">Phẩm màu</subfield>
  </datafield>
  <datafield tag="650" ind1="#" ind2="4">
   <subfield code="a">Tiêu chuẩn kỹ thuật</subfield>
  </datafield>
 </record>
</collection>
